| 000 | 00529nam a2200229Ia 4500 | ||
|---|---|---|---|
| 999 |
_c95228 _d95228 |
||
| 003 | 0100 | ||
| 005 | 20180126124654.0 | ||
| 008 | 130307s9999 xx 000 0 und d | ||
| 020 | _a0715623877 | ||
| 040 | _cARRUPELIB | ||
| 050 | _aDT510.5.C37 1993 | ||
| 100 |
_aCarmichael, John _938932 |
||
| 245 |
_aAfrican Eldorado: _bGold Coast to Ghana / |
||
| 260 |
_aLondon _bDuckworth _c1993 |
||
| 300 | _a224 p. | ||
| 300 | _b24cm. | ||
| 650 |
_aGhana _xHistory _932198 |
||
| 942 |
_2lcc _cMONOGRAPH |
||